Тайната на светещия мъх (Запис номер 39584)
[ съкратено ]
| 000 -Лидер | |
|---|---|
| Контролно поле с фиксирана дължина | 01575nam a2200361 a 4500 |
| 003 - Код на организацията, давaща контролен номер | |
| Контролно поле | BLK |
| 005 - Дата и час на последна редакция | |
| Контролно поле | 20230713005230.0 |
| 008 - Елементи от данни с фиксирана дължина | |
| fixed length control field | 180408b bul|||||r ||||||| ||bul|| |
| 010 ## - Наследен системен номер | |
| LC control number | KNG00042940000 |
| 020 ## - Международен стандартен номер на книга ISBN | |
| Международен стандартен номер на книга ISBN | 954-526-003-3 |
| 040 ## - Източник на каталожния запис | |
| Идентификатор на билиотеката - собственик на записа | BLK |
| 041 ## - Код за език | |
| Код за езика на текст/звукозапис или на отделно заглавие | Български |
| Код за езика КДБФ | Български |
| 080 ## - УДК | |
| Текстов определител УДК | Издания за деца и юноши. Книжки-картинки. Читанки. Вж и 372.4 |
| УДК код - определител по УДК | 087.5 |
| УДК - код + определител | 087.5 |
| 100 1# - Редна дума - Автор | |
| Автор | Уолъмбъри, Колин |
| Авторска отговорност | първи автор |
| Автор - информация (биография) | Николов, Любомир Славов |
| R(LIN) | 133000 |
| 139 ## - Редно поле | |
| Редна дума | Николов, Любомир Славов |
| Авторски знак | Николо - Н 74 |
| 245 10 - Сведения за заглавието | |
| Заглавие | Тайната на светещия мъх |
| Подзаглавни данни | Кн.-игра за юноши |
| Редно поле (дума) | * Любомир Славов Николов; Колин Уолъмбъри; худож. Никифор Русков. |
| 257 ## - Страна на издаване | |
| Страна на създаване/издаване | България |
| 260 ## - Област на издателските данни | |
| Място на издаване, разпространение и проч. | София |
| Име на издателя, разпространителя и проч. | Плеяда 7 |
| Година на издаване | 1993 |
| Печатница | Враца : Полипринт |
| 300 ## - Физическа характеристика | |
| Страници | 150 с. |
| Илюстрации и др. | с ил. |
| Размери/Мащаб | 20 см |
| 380 ## - Жанр | |
| Жанр | Общ отдел |
| 500 ## - Общи забележки | |
| Забележка | Колин Уолъмбъри - псевд. на авт. Любомир Славов Николов. - 12 080 тир. |
| 650 #4 - Допълнително описание по предмет – тема | |
| Основно описание – тема или топоним | Книги-игри |
| 9 (RLIN) | 158798 |
| 653 ## - Ключова дума – ненормативна | |
| Ключова дума | книги-игри |
| 700 1# - Други автори (авторска отговорност) | |
| Лично име | Русков, Никифор |
| Автороска отговорност (Описва отношението между автора и произведението) | худож. |
| 9 (RLIN) | 364263 |
| 700 ## - Други автори (авторска отговорност) | |
| Лично име | Николов, Любомир Славов, 1950 - |
| Автороска отговорност (Описва отношението между автора и произведението) | * |
| 9 (RLIN) | 242031 |
| 852 ## - Местоположение | |
| Форматна сигнатура | Цб 170068 |
| 856 4# - Електронен адрес и достъп | |
| Електронен формат | pdf - файл |
| Инструкция (цена за достъп) | 0.00 |
| Права за достъп | disable |
| 856 4# - Електронен адрес и достъп | |
| Електронен формат | pdf - файл |
| Инструкция (цена за достъп) | 0.00 |
| Права за достъп | disable |
| 999 ## - СИСТЕМНИ КОНТРОЛНИ НОМЕРА | |
| Koha biblionumber | 39584 |
| Koha biblioitemnumber | 39584 |
| 942 ## - АРТИКУЛИ | |
| Вид на библиотечния материал | Книги |
| Скрит в OPAC | Не |
| Периодичен библиозапис | Да |
| 944 ## - СЪЗДАВАНЕ И РЕДАКЦИЯ на ЗАПИСА | |
| Създаване/Редакция | Създаване |
| Дата на регистрацията/редакция | 11.11.2005 |
| Статус, дата на статуса | CRON CRON |
| Служител, извършил регистрацията/редакцията | |
| 944 ## - СЪЗДАВАНЕ И РЕДАКЦИЯ на ЗАПИСА | |
| Създаване/Редакция | Редакция |
| Дата на регистрацията/редакция | 27.01.2014 |
| Статус, дата на статуса | ф / |
| 999 ## - СИСТЕМНИ КОНТРОЛНИ НОМЕРА | |
| Koha biblioitemnumber | 39584 |
| Код за отписване | Код за изгубен артикул | Източник на класификационната схема | Код за повреда | Коз за рестрикции | Код за отдаване | Артикулен № | Име на библиотеката - собственик | Име на библиотеката, в която се намира в момента | Статус (Текущо местоположение) | Дата на вписване в системата | Местоположение - отдел | Цена в лева | Инвентарен номер | Систематично азбучна сигнатура | Баркод | Номер на екземпляра | Цена в евро | Служебна бележка | Служебен тип на артикула |
|---|---|---|---|---|---|---|---|---|---|---|---|---|---|---|---|---|---|---|---|
| Не е изгубен | Universal Decimal Classification | Не е повреден | без рестрикции | ползва се в читалня | 61986 | Регионална библиотека "Любен Каравелов" Русе | Регионална библиотека "Любен Каравелов" Русе | Хранилище | 1993-01-01 | Хранилище | 0.53 | 581285 | Цб 170068 | 120000581285 | 1 | 0.27 | Дост: Dp Вид: Д N: стар фонд Дата: 01.01.1993 | Книги | |
| Изтеглен | Не е изгубен | Universal Decimal Classification | Не е повреден | без рестрикции | заемане за дома | 61987 | Регионална библиотека "Любен Каравелов" Русе | Регионална библиотека "Любен Каравелов" Русе | Детски отдел | 1993-01-01 | Детски отдел | 1.05 | 641249 | ДН 0/Н 74 | 641249 | 2 | 0.54 | Дост: DA Вид: А N: стар фонд Дата: 01.01.1993 | Книги |
| Не е изгубен | Не е повреден | без рестрикции | заемане за дома | 61988 | Регионална библиотека "Любен Каравелов" Русе | Регионална библиотека "Любен Каравелов" Русе | Детски отдел | 2014-01-07 | Детски отдел | 7.50 | 120000773084 | ДН 0/Н 74 | 120000773084 | 3 | 3.83 | Дост: DA Вид: А N: 1 Дата: 07.01.2014 Дата инв: 25.08.2015 Бележки инв: Д2015 | Книги |